What NBA player was traded for him - Statistics

General Stats
  • This quiz has been taken 100 times
  • The average score is 3 of 10
Answer Stats
Hint Answer % Correct
Luka Doncic (Mavericks→Lakers) Anthony Davis
100%
Kevin Durant (Suns→Rockets) Jalen Green
66%
Donovan Mitchell (Jazz→Cavaliers) Lauri Markkanen
37%
Tracy McGrady (Magic→Rockets) Steve Francis
18%
Carmelo Anthony (Nuggets→Knicks) Danilo Gallinari
14%
Kevin Durant (Thunder→Nets) D'Angelo Russell
12%
Pau Gasol (Grizzlies→Lakers) Kwame Brown
9%
Wilt Chamberlain (76ers→Lakers) Jerry Chambers
3%
Kareem Abdul-Jabbar (Bucks→Lakers) Junior Bridgeman
2%
Charles Barkley (76ers→Suns) Jeff Hornacek
0%
No matching quizzes found
Score Distribution
Percent of People with Each Score
Percentile by Number Answered
Your Score History
You have not taken this quiz